| 000 | 00767nam a22002177a 4500 | ||
|---|---|---|---|
| 942 | _cBK | ||
| 999 |
_c477 _d477 |
||
| 005 | 20250420134812.0 | ||
| 008 | 200721b ||||| |||| 00| 0 eng d | ||
| 020 | _a9781475784336 | ||
| 040 | _cKCST | ||
| 082 |
_a621.3815 _bSh De |
||
| 100 |
_aShaeffer, Derek K. _94644 |
||
| 245 |
_aThe design and implementation of low-power CMOS radio receivers / _cDerek K. Shaeffer, Thomas H. Lee |
||
| 260 |
_aNew York: _bSpringer; _c1999. |
||
| 300 | _a191 p. | ||
| 650 |
_aRadio -- Receivers and reception _xDesign and construction. _94645 |
||
| 650 |
_aLow voltage integrated circuits _xDesign and construction. _94646 |
||
| 650 |
_aMetal oxide semiconductors, Complementary _xDesign and construction. _94545 |
||
| 700 |
_aLee, Thomas H. _94643 |
||
| 942 | _2ddc | ||